000 01547ngm a22004690a 4500
001 PT39941
003 AR-LpoUNG
005 20210201235856.0
007 vd cvaizq
008 191001s2009||||ag |||||||||||||||||spa d
037 _c$2.65
040 _aAR-LpoUNG
_bspa
_cAR-LpoUNG
_eaacr
041 _aspa
044 _aag
082 0 _a306.349 257mon
245 1 0 _aMonte culebra :
_bcooperativismo agroecología y comunicación en Venezuela
260 _aBuenos Aires :
_bMiradas al sur,
_c2009.
300 _aDVD (68 min.) son., col.
505 0 _aPara verlo en linea, 2 opciones: Agoratv.org ; Vimeo.com
520 _aDesde una perspectiva agroecológica y alternativa a la globalización capitalista, "monte culebra" se acerca a los procesos productivos y organizativos de experiencias colectivas campesinas en el occidente de Venezuela. Recorre la historia del desplazamiento rural venezolano (denominador común en las poblaciones campesinas mundiales) y sus resistencias.
650 4 _aAGRICULTURA
650 4 _aAGROINDUSTRIA
650 4 _aCAMPESINADO
650 4 _aCAPITALISMO
650 4 _aCOLECTIVISMO
650 4 _aCOMUNICACION
650 4 _aECOLOGIA
650 4 _aECONOMIA COLECTIVA
650 4 _aGLOBALIZACION
650 4 _aHISTORIA
650 4 _aVENEZUELA
651 4 _aArgentina
653 _aCINE
653 _aCINE VENEZOLANO
653 _aDOCUMENTAL
653 _aDOCUMENTALES
653 _aDVD
653 _aVIDEOS
710 2 _aMalojillo (Caracas)
905 _a39941
942 _cDVD
999 _c53667
_d53667